The Fieldworker and the Field (Record no. 619609)

MARC details
000 -LEADER
fixed length control field 00478nam a22001577a 4500
008 - FIXED-LENGTH DATA ELEMENTS--GENERAL INFORMATION
fixed length control field 260417b |||||||| |||| 00| 0 eng d
020 ## - INTERNATIONAL STANDARD BOOK NUMBER
ISBN 9780195658880
Paper back/Hardbound hbk
082 ## - DEWEY DECIMAL CLASSIFICATION NUMBER
Classification number 301.0720
Item number SRI
100 ## - MAIN ENTRY--AUTHOR NAME
Personal name Narasimhachar Srinivas, Mysore
245 ## - TITLE STATEMENT
Title The Fieldworker and the Field
Sub Title Problems and Challenges in Sociological Investigation
260 ## - PUBLICATION, DISTRIBUTION, ETC. (IMPRINT)
Name of publisher Oxford Univ Pr
Year of publication ‎ 21 November 2002
300 ## - PHYSICAL DESCRIPTION
Number of Pages xvii 288 p.
504 ## - BIBLIOGRAPHY, ETC. NOTE
Bibliography, etc Includes index
942 ## - ADDED ENTRY ELEMENTS (KOHA)
Koha item type Reference
Holdings
Withdrawn status Lost status Damaged status Not for loan Home library Current library Shelving location Date acquired Full call number Accession Number Cost, replacement price Price effective from Koha item type
        Anna Centenary Library Anna Centenary Library 3RD FLOOR, B WING 03.08.2010 301.0720 SRI 113113 9000.00 17.04.2026 Reference

Find us on the map